000 00981nam a2200217Ia 4500
008 170306s9999 xx 000 0 und d
020 _a9589744982
041 _aspa
082 _a353.7 S34r
100 _aSilva, Renán
245 0 _aRepública liberal, intelectuales y cultura popular /
_c Renán Silva
300 _a303 p.
490 _aHistórica
505 _a"República liberal y cultura popular en Colombia ; Ondas nacionales: a propósito de la creación de la Radiodifusora Nacional de Colombia ; Libros, lecturas y lectores durante la República liberal ; Las ferias del libro en Colombia, 1936-1947 ; Reflexiones"
650 _aPolitica Cultural \ Liberalismo \ Cultura Popular - Colombia \ Libros Y Lectura - Historia - Colombia \ Estaciones De Radio
264 _aMedellín :
_b La Carreta,
_c 2005
336 _atexto
_btxt
_2rdacontent
337 _asin mediación
_bn
_2rdamedia
338 _avolumen
_bnc
_2rdacarrier
040 _aCO-BoRNBP
_bspa
_erda
_cCO-BoRNBP
999 _c8337
_d8337